Vplyv Industry 4.0 na podniky bakalárska práca

Na minha lista:
Detalhes bibliográficos
Autor principal: Kardošš, Jakub
Autor Corporativo: Podnikovohospodárska fakulta EU so sídlom v Košiciach. Katedra manažmentu
Outros Autores: Bosák, Martin, 1967-
Formato: Livro
Idioma:eslovaco
Publicado em: Košice 2018
Tags: Adicionar Tag
Sem tags, seja o primeiro a adicionar uma tag!

MARC

LEADER 00000nbm a2200000 4500
001 0245762
005 20181024123324.5
041 0 |a slo 
044 |a SK 
245 1 0 |a Vplyv Industry 4.0 na podniky  |b bakalárska práca  |c Jakub Kardošš ; školiteľ: Martin Bosák 
264 1 |a Košice  |c 2018 
300 |a 65 s. 
100 1 |a Kardošš, Jakub 
700 1 |a Bosák, Martin, 1967- 
710 2 |a Podnikovohospodárska fakulta EU so sídlom v Košiciach. Katedra manažmentu